00801cam a22002531 4500001001300000003000400013005001700017008004100034010001700075035001900092040001800111042001200129050002500141100004200166245010300208250001300311260003700324300002800361500004800389500003400437730002500471740003400496999001700530sa 68020603 DLC20260227112726.0760415s1965 io a 000 1 ind  asa 68020603  a(OCoLC)2114169 aDLCcOAUdDLC apremarc00aPL5089.M265bT5 19651 aMadjoindo, A. Dt.q(Aman Dt.),d1895-10aTjerita Malim Deman dan Puteri Bungsu,coleh A. Dt. Madjoindo. Dihiasi 4 gambar oleh Wied Suroso. aTjet. 2. aDjakarta,bBalai Pustaka,c1965. a 172 p.billus.c17 cm. aCover title : Malim Deman dan Putri Bungsu. aBased on Hikayat Malim Deman.0 aHikayat Malim Deman.0 aMalim Deman dan Putri Bungsu. c89520d89520